ARRUPE JESUIT UNIVERSITY

CORONAVIRUS -STOP THE SPREAD - CLEAN,DISINFECT,COVER

Killing enmity : (Record no. 125090)

MARC details
000 -LEADER
fixed length control field 01391cam a2200313 a 4500
001 - CONTROL NUMBER
control field 16876606
003 - CONTROL NUMBER IDENTIFIER
control field ARRUPE
005 - DATE AND TIME OF LATEST TRANSACTION
control field 20160823125115.0
008 - FIXED-LENGTH DATA ELEMENTS--GENERAL INFORMATION
fixed length control field 110718s2011 miu b 001 0 eng
010 ## - LIBRARY OF CONGRESS CONTROL NUMBER
LC control number 2011029435
020 ## - INTERNATIONAL STANDARD BOOK NUMBER
International Standard Book Number 9780801039010 (pbk.)
020 ## - INTERNATIONAL STANDARD BOOK NUMBER
International Standard Book Number 0801039010 (pbk.)
035 ## - SYSTEM CONTROL NUMBER
System control number (OCoLC)ocn662401639
040 ## - CATALOGING SOURCE
Original cataloging agency DLC
Transcribing agency DLC
Modifying agency YDX
-- BTCTA
-- YDXCP
-- KAT
-- BWX
-- CDX
-- DLC
042 ## - AUTHENTICATION CODE
Authentication code pcc
050 00 - LIBRARY OF CONGRESS CALL NUMBER
Classification number BS2545.V55
Item number N48 2011
082 00 - DEWEY DECIMAL CLASSIFICATION NUMBER
Classification number 225.8/3036
Edition number 23
300 ## - PHYSICAL DESCRIPTION
Dimensions 22 cm.
100 1# - MAIN ENTRY--PERSONAL NAME
Personal name Neufeld, Thomas R.
9 (RLIN) 25340
245 10 - TITLE STATEMENT
Title Killing enmity :
Remainder of title violence and the New Testament /
Statement of responsibility, etc Thomas R. Yoder Neufeld.
260 ## - PUBLICATION, DISTRIBUTION, ETC. (IMPRINT)
Place of publication, distribution, etc Grand Rapids, Mich. :
Name of publisher, distributor, etc Baker Academic,
Date of publication, distribution, etc c2011.
300 ## - PHYSICAL DESCRIPTION
Extent xii, 178 p. ;
504 ## - BIBLIOGRAPHY, ETC. NOTE
Bibliography, etc Includes bibliographical references and indexes.
505 0# - FORMATTED CONTENTS NOTE
Formatted contents note "Violence" and "New Testament" -- Turn the cheek and love your enemies! -- Forgive, or else! -- Violence in the temple? -- Atonement and the death of Jesus -- Subordination and violence -- Divine warfare in the New Testament -- Conclusion.
630 00 - SUBJECT ADDED ENTRY--UNIFORM TITLE
Uniform title Bible.
Name of part/section of a work New Testament
General subdivision Criticism, interpretation, etc.
9 (RLIN) 25341
650 #0 - SUBJECT ADDED ENTRY--TOPICAL TERM
Topical term or geographic name as entry element Violence
General subdivision Biblical teaching.
9 (RLIN) 3521
906 ## - LOCAL DATA ELEMENT F, LDF (RLIN)
a 7
b cbc
c orignew
d 1
e ecip
f 20
g y-gencatlg
942 ## - ADDED ENTRY ELEMENTS (KOHA)
Source of classification or shelving scheme Library of Congress Classification
Koha item type Monograph ( Printed materials)
Holdings
Withdrawn status Lost status Source of classification or shelving scheme Damaged status Not for loan Collection code Home library Current library Shelving location Date acquired Total Checkouts Full call number Barcode Date last seen Price effective from Koha item type
    Library of Congress Classification     Main Collection ARRUPE LIBRARY ARRUPE LIBRARY Main Collection 23/08/2016   BS2545.V55 N48 2011 46500010244 23/08/2016 23/08/2016 Monograph ( Printed materials)

 

Arrupe Library. PO Box MP320 Mt Pleasant, Harare, Zimbabwe
263 242 745411|librarian@aju.ac.zw